| 000 | 00000nam##2200000za#4500 |
| 001 | 9.689796 |
| 003 | CaOODSP |
| 005 | 20210624232046 |
| 007 | cr ||||||||||| |
| 008 | 150407|2007||||xxc|||||o f|0| 0 eng|d |
| 040 | |aCaOODSP|beng |
| 043 | |an-cn--- |
| 086 | 1 |aRC31-38/2007E-PDF |
| 110 | 1 |aCanada.|bIndian Claims Commission. |
| 245 | 10|aJames Smith Cree Nation Treaty Land Entitlement Inquiry |h[electronic resource] |
| 260 | |aOttawa - Ontario : |bIndian Claims Commission |c2007. |
| 520 | 3 |aIn May 1999, James Smith Cree Nation wrote the Indian Claims Commission requesting an inquiry into its rejected Treaty Land Entitlement claim, and in June 1999, the Commission agreed to conduct an inquiry. On May 20, 2005, the Commission issued its report into Issue 9: Amalgamation. Further written submission, followed by oral arguments were heard on the remaining issues in June 2006. This report contains a review of the facts of this issue, as well as the Commission’s legal analysis, findings, and recommendations to the parties. |
| 590 | |a07-18|b2007-05-04 |
| 690 | 07|aIndigenous lands|2gcpds |
| 690 | 07|aLand claims|2gcpds |
| 690 | 07|aAgreements|2gcpds |
| 775 | 08|tNation crie de James Smith - Enquête relative aux droits fonciers issus de traité |w(CaOODSP)9.634192 |
| 776 | 0#|tJames Smith Cree Nation Treaty Land Entitlement Inquiry |w(CaOODSP)9.650739 |
| 856 | 40|ahttp://publications.gc.ca|qPDF|s889 KB|uhttps://publications.gc.ca/collections/collection_2007/icc-cri/RC31-38-2007E.pdf |